| 000 | 00465nam a22001817a 4500 | ||
|---|---|---|---|
| 005 | 20230403150811.0 | ||
| 008 | 230401b |||||||| |||| 00| 0 eng d | ||
| 020 | _a978071676740 | ||
| 041 | _aeng | ||
| 082 | _a616 KIN-K | ||
| 100 |
_aKINDT, THOMAS J., GOLDSBY, RICHARDA .,AND OSBORNE, BARBARA A. _97694 |
||
| 245 | _aKUBY IMMUNOLOGY | ||
| 250 | _a 6th ed. | ||
| 260 |
_bFREEMAN _c2022 |
||
| 300 | _a279;P. | ||
| 650 |
_aPHARMA _xB. PHARMA _97695 |
||
| 942 | _cBK | ||
| 999 |
_c8264 _d8262 |
||